Principles and techniques in biophysics / (Record no. 83160)

MARC details
000 -LEADER
fixed length control field 00653nam a22002057a 4500
005 - DATE AND TIME OF LATEST TRANSACTION
control field 20140424155947.0
010 ## - LCCN (DPL NO)
LC control number ENG-109619
020 ## - INTERNATIONAL STANDARD BOOK NUMBER
Terms of availability 295.00
International Standard Book Number 9788189941550
035 ## - SYSTEM CONTROL NUMBER
System control number EN-93152
037 ## - SOURCE OF ACQUISITION
Source of stock number/acquisition DBAD/PUB
082 ## - DEWEY DECIMAL CLASSIFICATION NUMBER
Classification number 571.4
100 ## - MAIN ENTRY--PERSONAL NAME
Personal name Kumaresan, V.
245 ## - TITLE STATEMENT
Title Principles and techniques in biophysics /
Statement of responsibility, etc by V. Kumaresan [and] N. Arumugam
260 ## - PUBLICATION, DISTRIBUTION, ETC. (IMPRINT)
Name of publisher, distributor, etc Saras Publication
Date of publication, distribution, etc 2012
Place of publication, distribution, etc Nagercoil
270 ## - ADDRESS
City Nagercoil
Postal code 629002
Address 114/35G, A. R. P. Camp Road, Periavilai, Kottar P. O.,
300 ## - PHYSICAL DESCRIPTION
Extent vi,632p. :
Dimensions 23cm(pbk)
Other physical details ill
500 ## - GENERAL NOTE
General note Includes index
700 ## - ADDED ENTRY--PERSONAL NAME
Personal name Arumugam, N.
942 ## - ADDED ENTRY ELEMENTS (KOHA)
Source of classification or shelving scheme Dewey Decimal Classification
Item type English Books
Call number suffix KUM
Classification part 571.4
Holdings
Withdrawn status Lost status Not for loan Collection code Home library Current library Date acquired Source of acquisition Cost, normal purchase price Full call number Barcode Copy number Cost, replacement price Koha item type
    Not For Loan Non-fiction D.B.Act.Division D.B.Act.Division 24/03/2014 DBAD/PUB 295.00 571.4 KUM EN-93152 1 295.00 English Books

© Delhi Public Library
Hit Counter
free hit counter